Szatymaz jövője Szeged elővárosa akar lenni /

Elmentve itt :
Bibliográfiai részletek
Szerző: Csepi József
Dokumentumtípus: Cikk
Megjelent: 1968-11-29
Sorozat:Délmagyarország
Kulcsszavak:Börcsök Kornélia, Fejlesztési terv Szatymaz 1968, Szatymaz, Településfejlesztés fejlesztési terv Szatymaz
Online Access:http://dmarchiv.bibl.u-szeged.hu/36942
LEADER 00556nab a2200157 i 4500
001 delm36942
005 20180927112811.0
008 180927s1968 hu o 0|| hun d
040 |a SZTE Délmagyarország Archívum  |b hun 
041 |a hun 
100 1 |a Csepi József 
245 1 0 |a Szatymaz jövője   |h [elektronikus dokumentum] :  |b Szeged elővárosa akar lenni /  |c  Csepi József 
260 |c 1968-11-29 
300 |a 3 
490 0 |a Délmagyarország 
695 |a Börcsök Kornélia, Fejlesztési terv Szatymaz 1968, Szatymaz, Településfejlesztés fejlesztési terv Szatymaz